[Event "DEM U16 2024"]
[Site "Willingen GER"]
[Date "2024.05.20"]
[Round "3"]
[White "von Mettenheim, Johannes"]
[Black "Sauer, Tim"]
[Result "1/2-1/2"]
[Termination "normal"]
[Board "1"]
[WhiteElo "2293"]
[BlackElo "2053"]
[WhiteClock "00:14:34"]
[BlackClock "00:02:47"]
[PlyCount "120"]
[WhiteFideId "16244818"]
[BlackFideId "16265726"]
[EventCountry "GER"]
[EventRounds "9"]
[EventType "swiss"]
[EventDate "2024.05.18"]

1. d4 {[%clk 01:30:58]} {[%emt 00:00:01]} Nf6 {[%clk 01:30:51]} {[%emt
00:00:09]} 2. c4 {[%clk 01:31:24]} {[%emt 00:00:04]} c6 {[%clk 01:31:16]}
{[%emt 00:00:06]} 3. Nc3 {[%clk 01:31:23]} {[%emt 00:00:30]} d5 {[%clk
01:31:41]} {[%emt 00:00:05]} 4. Nf3 {[%clk 01:31:21]} {[%emt 00:00:32]} e6
{[%clk 01:31:57]} {[%emt 00:00:14]} 5. Bg5 {[%clk 01:30:38]} {[%emt 00:01:13]}
Nbd7 {[%clk 01:32:15]} {[%emt 00:00:13]} 6. e3 {[%clk 01:31:03]} {[%emt
00:00:04]} Qa5 {[%clk 01:32:09]} {[%emt 00:00:36]} 7. Nd2 {[%clk 01:31:01]}
{[%emt 00:00:32]} Bb4 {[%clk 01:31:58]} {[%emt 00:00:41]} 8. Rc1 {[%clk
01:29:51]} {[%emt 00:01:40]} Ne4 {[%clk 01:32:13]} {[%emt 00:00:14]} 9. Ndxe4
{[%clk 01:28:45]} {[%emt 00:01:37]} dxe4 {[%clk 01:32:37]} {[%emt 00:00:07]}
10. Bh4 {[%clk 01:29:04]} {[%emt 00:00:10]} Qxa2 {[%clk 01:32:34]} {[%emt
00:00:33]} 11. Qc2 {[%clk 01:29:22]} {[%emt 00:00:11]} Nb6 {[%clk 01:32:37]}
{[%emt 00:00:28]} 12. Be2 {[%clk 01:26:16]} {[%emt 00:03:36]} Na4 {[%clk
01:32:46]} {[%emt 00:00:21]} 13. O-O {[%clk 01:26:12]} {[%emt 00:00:33]} Bxc3
{[%clk 01:30:46]} {[%emt 00:02:31]} 14. bxc3 {[%clk 01:26:11]} {[%emt
00:00:31]} Nxc3 {[%clk 01:30:21]} {[%emt 00:00:54]} 15. Qxc3 {[%clk 01:26:28]}
{[%emt 00:00:13]} Qxe2 {[%clk 01:30:46]} {[%emt 00:00:06]} 16. Qa3 {[%clk
01:26:41]} {[%emt 00:00:17]} f6 {[%clk 01:30:54]} {[%emt 00:00:23]} 17. f3
{[%clk 01:21:17]} {[%emt 00:05:52]} c5 {[%clk 01:27:50]} {[%emt 00:03:35]} 18.
Rfe1 {[%clk 01:21:38]} {[%emt 00:00:09]} Qd3 {[%clk 01:27:05]} {[%emt
00:01:16]} 19. Qxc5 {[%clk 01:22:01]} {[%emt 00:00:06]} exf3 {[%clk 01:18:13]}
{[%emt 00:09:22]} 20. e4 {[%clk 01:22:23]} {[%emt 00:00:08]} Bd7 {[%clk
00:41:55]} {[%emt 00:36:49]} 21. Bf2 {[%clk 01:06:05]} {[%emt 00:16:47]} Qd2
{[%clk 00:31:10]} {[%emt 00:11:15]} 22. Qh5+ {[%clk 01:05:36]} {[%emt
00:00:58]} g6 {[%clk 00:31:12]} {[%emt 00:00:29]} 23. Qxf3 {[%clk 01:05:58]}
{[%emt 00:00:07]} O-O {[%clk 00:31:06]} {[%emt 00:00:37]} 24. Qb3 {[%clk
01:04:52]} {[%emt 00:01:36]} b6 {[%clk 00:22:59]} {[%emt 00:08:36]} 25. c5
{[%clk 00:58:56]} {[%emt 00:06:26]} bxc5 {[%clk 00:20:11]} {[%emt 00:03:19]}
26. Qb7 {[%clk 00:58:08]} {[%emt 00:01:18]} Rfd8 {[%clk 00:17:49]} {[%emt
00:02:52]} 27. dxc5 {[%clk 00:58:21]} {[%emt 00:00:17]} Rab8 {[%clk 00:17:04]}
{[%emt 00:01:15]} 28. Qxa7 {[%clk 00:57:02]} {[%emt 00:01:49]} Bc6 {[%clk
00:17:26]} {[%emt 00:00:07]} 29. Qe7 {[%clk 00:41:48]} {[%emt 00:15:45]} Rb2
{[%clk 00:13:25]} {[%emt 00:04:30]} 30. Qxe6+ {[%clk 00:42:10]} {[%emt
00:00:08]} Kg7 {[%clk 00:13:52]} {[%emt 00:00:04]} 31. Qe7+ {[%clk 00:36:03]}
{[%emt 00:06:36]} Kg8 {[%clk 00:14:04]} {[%emt 00:00:18]} 32. Qe6+ {[%clk
00:32:01]} {[%emt 00:04:32]} Kg7 {[%clk 00:14:28]} {[%emt 00:00:07]} 33. Rf1
{[%clk 00:24:55]} {[%emt 00:07:35]} Bb5 {[%clk 00:12:32]} {[%emt 00:02:26]} 34.
Ra1 {[%clk 00:15:15]} {[%emt 00:10:10]} Qd7 {[%clk 00:04:48]} {[%emt 00:08:15]}
35. Qxd7+ {[%clk 00:14:14]} {[%emt 00:01:30]} Rxd7 {[%clk 00:05:10]} {[%emt
00:00:08]} 36. Rfd1 {[%clk 00:11:07]} {[%emt 00:03:36]} Rxd1+ {[%clk 00:02:54]}
{[%emt 00:02:47]} 37. Rxd1 {[%clk 00:11:36]} Bc6 {[%clk 00:00:50]} {[%emt
00:02:34]} 38. Bd4 {[%clk 00:10:47]} {[%emt 00:01:19]} Re2 {[%clk 00:00:41]}
{[%emt 00:00:39]} 39. Bxf6+ {[%clk 00:10:53]} {[%emt 00:00:24]} Kf7 {[%clk
00:00:42]} {[%emt 00:00:29]} 40. Bd4 {[%clk 00:08:47]} {[%emt 00:02:35]} Bxe4
{[%clk 00:00:35]} {[%emt 00:00:38]} 41. Bf2 {[%clk 00:09:10]} {[%emt 00:00:07]}
Rb2 {[%clk 00:00:41]} {[%emt 00:00:24]} 42. Rd7+ {[%clk 00:09:33]} {[%emt
00:00:07]} Ke6 {[%clk 00:30:03]} {[%emt 00:01:08]} 43. Rd6+ {[%clk 00:39:58]}
{[%emt 00:00:05]} Ke7 {[%clk 00:22:07]} {[%emt 00:08:24]} 44. h3 {[%clk
00:23:35]} {[%emt 00:16:55]} Rb1+ {[%clk 00:12:41]} {[%emt 00:09:56]} 45. Kh2
{[%clk 00:24:03]} Rb2 {[%clk 00:12:07]} {[%emt 00:01:05]} 46. Kg3 {[%clk
00:23:16]} {[%emt 00:01:17]} Rb3+ {[%clk 00:12:16]} {[%emt 00:00:21]} 47. Kh2
{[%clk 00:23:19]} {[%emt 00:00:25]} Rb2 {[%clk 00:12:41]} {[%emt 00:00:07]} 48.
Bh4+ {[%clk 00:22:13]} {[%emt 00:01:35]} Kf7 {[%clk 00:12:29]} {[%emt
00:00:42]} 49. Kg3 {[%clk 00:22:00]} {[%emt 00:00:42]} Rb3+ {[%clk 00:09:52]}
{[%emt 00:03:08]} 50. Kf2 {[%clk 00:16:59]} {[%emt 00:05:31]} Rb2+ {[%clk
00:09:14]} {[%emt 00:01:09]} 51. Kg3 {[%clk 00:14:51]} {[%emt 00:02:37]} Rb3+
{[%clk 00:09:10]} {[%emt 00:00:35]} 52. Kf4 {[%clk 00:12:19]} {[%emt 00:03:02]}
Bxg2 {[%clk 00:09:28]} {[%emt 00:00:11]} 53. Rd7+ {[%clk 00:12:45]} {[%emt
00:00:05]} Ke6 {[%clk 00:07:41]} {[%emt 00:02:16]} 54. Rd6+ {[%clk 00:13:11]}
{[%emt 00:00:04]} Kf7 {[%clk 00:08:06]} {[%emt 00:00:06]} 55. Rd7+ {[%clk
00:13:13]} {[%emt 00:00:27]} Ke6 {[%clk 00:08:29]} {[%emt 00:00:07]} 56. Rxh7
{[%clk 00:13:37]} {[%emt 00:00:07]} Kd5 {[%clk 00:05:53]} {[%emt 00:03:05]} 57.
Be7 {[%clk 00:13:46]} {[%emt 00:00:21]} Rxh3 {[%clk 00:05:55]} {[%emt
00:00:29]} 58. Rg7 {[%clk 00:14:11]} {[%emt 00:00:04]} Be4 {[%clk 00:04:56]}
{[%emt 00:01:30]} 59. Rg8 {[%clk 00:14:34]} {[%emt 00:00:07]} Rf3+ {[%clk
00:02:47]} {[%emt 00:02:38]} 60. Kg5 {[%emt 00:00:50]} 1/2-1/2

[Event "DEM U16 2024"]
[Site "Willingen GER"]
[Date "2024.05.20"]
[Round "3"]
[White "Torosyan, Bagrat"]
[Black "Möller, Maurin"]
[Result "1/2-1/2"]
[Termination "normal"]
[Board "2"]
[WhiteElo "2115"]
[BlackElo "2193"]
[WhiteClock "00:16:58"]
[BlackClock "00:03:45"]
[PlyCount "161"]
[WhiteFideId "16258134"]
[BlackFideId "16265696"]
[EventCountry "GER"]
[EventRounds "9"]
[EventType "swiss"]
[EventDate "2024.05.18"]

1. e4 {[%clk 01:30:56]} {[%emt 00:00:04]} c5 {[%clk 01:30:48]} {[%emt
00:00:13]} 2. Nf3 {[%clk 01:31:15]} {[%emt 00:00:11]} Nc6 {[%clk 01:31:06]}
{[%emt 00:00:12]} 3. d4 {[%clk 01:31:41]} {[%emt 00:00:04]} cxd4 {[%clk
01:31:28]} {[%emt 00:00:07]} 4. Nxd4 {[%clk 01:32:07]} {[%emt 00:00:05]} g6
{[%clk 01:31:46]} {[%emt 00:00:12]} 5. Nc3 {[%clk 01:32:30]} {[%emt 00:00:06]}
Bg7 {[%clk 01:32:09]} {[%emt 00:00:07]} 6. Be3 {[%clk 01:32:58]} {[%emt
00:00:03]} Nf6 {[%clk 01:32:26]} {[%emt 00:00:13]} 7. Bc4 {[%clk 01:33:13]}
{[%emt 00:00:15]} Qa5 {[%clk 01:32:37]} {[%emt 00:00:19]} 8. O-O {[%clk
01:33:28]} {[%emt 00:00:15]} O-O {[%clk 01:32:45]} {[%emt 00:00:22]} 9. Bb3
{[%clk 01:33:43]} {[%emt 00:00:15]} d6 {[%clk 01:32:48]} {[%emt 00:00:26]} 10.
h3 {[%clk 01:33:56]} {[%emt 00:00:17]} Bd7 {[%clk 01:31:37]} {[%emt 00:01:42]}
11. Re1 {[%clk 01:33:52]} {[%emt 00:00:33]} Rfe8 {[%clk 01:28:29]} {[%emt
00:03:38]} 12. Nf3 {[%clk 01:32:34]} {[%emt 00:01:49]} Rac8 {[%clk 01:19:39]}
{[%emt 00:09:19]} 13. Ng5 {[%clk 01:22:45]} {[%emt 00:10:19]} Rf8 {[%clk
00:59:28]} {[%emt 00:20:41]} 14. f4 {[%clk 01:21:03]} {[%emt 00:02:12]} h6
{[%clk 00:55:39]} {[%emt 00:04:20]} 15. Nf3 {[%clk 01:20:43]} {[%emt 00:00:50]}
Rfd8 {[%clk 00:55:22]} {[%emt 00:00:46]} 16. Nh4 {[%clk 01:11:01]} {[%emt
00:10:12]} Kf8 {[%clk 00:49:56]} {[%emt 00:05:56]} 17. Qd2 {[%clk 00:48:37]}
{[%emt 00:22:54]} Qh5 {[%clk 00:31:56]} {[%emt 00:18:30]} 18. Qf2 {[%clk
00:48:16]} {[%emt 00:00:51]} g5 {[%clk 00:31:54]} {[%emt 00:00:33]} 19. fxg5
{[%clk 00:47:05]} {[%emt 00:01:41]} hxg5 {[%clk 00:29:01]} {[%emt 00:03:23]}
20. Nf5 {[%clk 00:46:55]} {[%emt 00:00:39]} g4 {[%clk 00:28:07]} {[%emt
00:01:25]} 21. Rf1 {[%clk 00:38:04]} {[%emt 00:09:21]} Ne5 {[%clk 00:26:49]}
{[%emt 00:01:48]} 22. h4 {[%clk 00:30:20]} {[%emt 00:08:13]} Bxf5 {[%clk
00:19:38]} {[%emt 00:07:41]} 23. Qxf5 {[%clk 00:30:29]} {[%emt 00:00:22]} Qxh4
{[%clk 00:19:42]} {[%emt 00:00:26]} 24. Bg5 {[%clk 00:30:27]} {[%emt 00:00:31]}
Qh8 {[%clk 00:19:20]} {[%emt 00:00:53]} 25. Bxf6 {[%clk 00:23:24]} {[%emt
00:07:33]} Bxf6 {[%clk 00:19:20]} {[%emt 00:00:29]} 26. Nd5 {[%clk 00:23:47]}
{[%emt 00:00:07]} Nf3+ {[%clk 00:13:01]} {[%emt 00:06:49]} 27. Rxf3 {[%clk
00:18:51]} {[%emt 00:05:26]} gxf3 {[%clk 00:13:23]} {[%emt 00:00:08]} 28. Nxf6
{[%clk 00:19:07]} {[%emt 00:00:14]} Qxf6 {[%clk 00:13:24]} {[%emt 00:00:30]}
29. Qxf6 {[%clk 00:19:14]} {[%emt 00:00:23]} exf6 {[%clk 00:13:52]} 30. Rf1
{[%clk 00:19:18]} {[%emt 00:00:25]} Ke7 {[%clk 00:13:32]} {[%emt 00:00:52]} 31.
Rxf3 {[%clk 00:19:19]} {[%emt 00:00:29]} Rg8 {[%clk 00:12:35]} {[%emt
00:01:26]} 32. c3 {[%clk 00:16:40]} {[%emt 00:03:09]} b5 {[%clk 00:10:43]}
{[%emt 00:02:22]} 33. Bd5 {[%clk 00:14:31]} {[%emt 00:02:39]} Rg5 {[%clk
00:09:54]} {[%emt 00:01:18]} 34. Kf2 {[%clk 00:12:14]} {[%emt 00:02:48]} Rcg8
{[%clk 00:08:57]} {[%emt 00:01:27]} 35. g3 {[%clk 00:12:36]} {[%emt 00:00:07]}
Rh8 {[%clk 00:08:56]} {[%emt 00:00:32]} 36. Ke3 {[%clk 00:11:54]} {[%emt
00:01:12]} b4 {[%clk 00:02:54]} {[%emt 00:06:32]} 37. cxb4 {[%clk 00:08:32]}
{[%emt 00:03:53]} Rh2 {[%clk 00:03:03]} {[%emt 00:00:20]} 38. Kd4 {[%clk
00:03:23]} {[%emt 00:05:39]} Rxb2 {[%clk 00:03:27]} {[%emt 00:00:07]} 39. Ra3
{[%clk 00:03:49]} {[%emt 00:00:04]} Rd2+ {[%clk 00:03:51]} {[%emt 00:00:06]}
40. Kc4 {[%clk 00:04:11]} {[%emt 00:00:07]} Rc2+ {[%clk 00:04:17]} {[%emt
00:00:05]} 41. Kd4 {[%clk 00:03:24]} {[%emt 00:01:16]} Rd2+ {[%clk 00:01:33]}
{[%emt 00:03:15]} 42. Kc4 {[%clk 00:03:47]} {[%emt 00:00:07]} Rc2+ {[%clk
00:02:00]} {[%emt 00:00:03]} 43. Kd4 {[%clk 00:04:12]} {[%emt 00:00:04]} Rc7
{[%clk 00:02:00]} {[%emt 00:00:30]} 44. Rf3 {[%clk 00:02:56]} {[%emt 00:01:46]}
Rh5 {[%clk 00:21:57]} {[%emt 00:10:33]} 45. a4 {[%clk 00:31:14]} {[%emt
00:02:12]} Rh1 {[%clk 00:22:10]} {[%emt 00:00:16]} 46. a5 {[%clk 00:30:35]}
{[%emt 00:01:10]} Rd1+ {[%clk 00:13:06]} {[%emt 00:09:35]} 47. Rd3 {[%clk
00:30:29]} {[%emt 00:00:34]} Rxd3+ {[%clk 00:13:12]} {[%emt 00:00:25]} 48. Kxd3
{[%clk 00:30:54]} {[%emt 00:00:05]} f5 {[%clk 00:13:37]} {[%emt 00:00:06]} 49.
exf5 {[%clk 00:24:01]} {[%emt 00:07:23]} Kf6 {[%clk 00:14:02]} {[%emt
00:00:04]} 50. Ke4 {[%clk 00:23:36]} {[%emt 00:00:54]} Re7+ {[%clk 00:12:16]}
{[%emt 00:02:18]} 51. Kd4 {[%clk 00:23:54]} {[%emt 00:00:11]} Kxf5 {[%clk
00:12:33]} {[%emt 00:00:14]} 52. b5 {[%clk 00:24:02]} {[%emt 00:00:21]} Re1
{[%clk 00:09:06]} {[%emt 00:03:57]} 53. b6 {[%clk 00:22:15]} {[%emt 00:02:17]}
axb6 {[%clk 00:09:28]} {[%emt 00:00:09]} 54. axb6 {[%clk 00:22:43]} {[%emt
00:00:02]} Rd1+ {[%clk 00:09:41]} {[%emt 00:00:16]} 55. Kc4 {[%clk 00:22:39]}
{[%emt 00:00:34]} Rb1 {[%clk 00:08:29]} {[%emt 00:01:42]} 56. b7 {[%clk
00:18:07]} {[%emt 00:05:02]} Ke5 {[%clk 00:07:56]} {[%emt 00:01:03]} 57. Bc6
{[%clk 00:17:44]} {[%emt 00:00:51]} Rb6 {[%clk 00:08:04]} {[%emt 00:00:23]} 58.
Bf3 {[%clk 00:18:02]} {[%emt 00:00:11]} Ke6 {[%clk 00:07:20]} {[%emt 00:01:16]}
59. g4 {[%clk 00:16:36]} {[%emt 00:01:57]} Kd7 {[%clk 00:07:24]} {[%emt
00:00:26]} 60. g5 {[%clk 00:16:29]} {[%emt 00:00:36]} Ke6 {[%clk 00:02:58]}
{[%emt 00:04:57]} 61. Be4 {[%clk 00:15:09]} {[%emt 00:01:49]} Ke7 {[%clk
00:01:07]} {[%emt 00:02:21]} 62. Bf3 {[%clk 00:15:10]} {[%emt 00:00:29]} Kf8
{[%clk 00:01:29]} {[%emt 00:00:09]} 63. Kd4 {[%clk 00:14:30]} {[%emt 00:01:10]}
Kg7 {[%clk 00:01:23]} {[%emt 00:00:35]} 64. Bc6 {[%clk 00:14:44]} {[%emt
00:00:16]} Kf8 {[%clk 00:01:19]} {[%emt 00:00:34]} 65. Bf3 {[%clk 00:14:23]}
{[%emt 00:00:49]} Rb4+ {[%clk 00:01:38]} {[%emt 00:00:12]} 66. Kc3 {[%clk
00:14:32]} {[%emt 00:00:19]} Rb5 {[%clk 00:01:47]} {[%emt 00:00:24]} 67. Kc4
{[%clk 00:14:30]} {[%emt 00:00:31]} Rb6 {[%clk 00:02:13]} {[%emt 00:00:05]} 68.
Kd4 {[%clk 00:14:52]} {[%emt 00:00:07]} Kg7 {[%clk 00:02:22]} {[%emt 00:00:22]}
69. Bc6 {[%clk 00:15:05]} {[%emt 00:00:17]} Kf8 {[%clk 00:01:52]} {[%emt
00:01:00]} 70. Bf3 {[%clk 00:15:29]} {[%emt 00:00:06]} Ke7 {[%clk 00:01:57]}
{[%emt 00:00:25]} 71. Kc4 {[%clk 00:15:46]} {[%emt 00:00:13]} Kd8 {[%clk
00:01:26]} {[%emt 00:01:01]} 72. Bd5 {[%clk 00:15:23]} {[%emt 00:00:51]} Kc7
{[%clk 00:01:19]} {[%emt 00:00:39]} 73. Bxf7 {[%clk 00:15:25]} {[%emt
00:00:27]} Rc6+ {[%clk 00:01:35]} {[%emt 00:00:15]} 74. Kd4 {[%clk 00:15:19]}
{[%emt 00:00:34]} Rc1 {[%clk 00:01:57]} {[%emt 00:00:10]} 75. g6 {[%clk
00:15:15]} {[%emt 00:00:34]} Rg1 {[%clk 00:02:13]} {[%emt 00:00:13]} 76. Kd5
{[%clk 00:15:33]} {[%emt 00:00:12]} Rg5+ {[%clk 00:02:31]} {[%emt 00:00:13]}
77. Ke6 {[%clk 00:15:29]} {[%emt 00:00:34]} d5 {[%clk 00:02:34]} {[%emt
00:00:28]} 78. Kf6 {[%clk 00:15:52]} {[%emt 00:00:05]} Rxg6+ {[%clk 00:02:55]}
{[%emt 00:00:09]} 79. Bxg6 {[%clk 00:16:15]} {[%emt 00:00:08]} Kxb7 {[%clk
00:03:20]} {[%emt 00:00:05]} 80. Ke5 {[%clk 00:16:32]} {[%emt 00:00:13]} d4
{[%clk 00:03:45]} {[%emt 00:00:05]} 81. Kxd4 {[%clk 00:16:58]} {[%emt
00:00:04]} 1/2-1/2

[Event "DEM U16 2024"]
[Site "Willingen GER"]
[Date "2024.05.20"]
[Round "3"]
[White "Sommer, Justus"]
[Black "Klaska, Philipp Leon"]
[Result "1/2-1/2"]
[Termination "normal"]
[Board "3"]
[WhiteElo "2069"]
[BlackElo "2142"]
[WhiteClock "00:22:52"]
[BlackClock "00:13:46"]
[PlyCount "45"]
[WhiteFideId "16245008"]
[BlackFideId "16238044"]
[EventCountry "GER"]
[EventRounds "9"]
[EventType "swiss"]
[EventDate "2024.05.18"]

1. e4 {[%clk 01:30:55]} {[%emt 00:00:04]} c6 {[%clk 01:30:51]} {[%emt
00:00:10]} 2. c4 {[%clk 01:29:31]} {[%emt 00:01:54]} d5 {[%clk 01:31:07]}
{[%emt 00:00:14]} 3. exd5 {[%clk 01:29:55]} {[%emt 00:00:06]} cxd5 {[%clk
01:31:32]} {[%emt 00:00:06]} 4. cxd5 {[%clk 01:28:58]} {[%emt 00:01:26]} Nf6
{[%clk 01:31:40]} {[%emt 00:00:22]} 5. Nc3 {[%clk 01:29:22]} {[%emt 00:00:06]}
Nxd5 {[%clk 01:30:10]} {[%emt 00:02:00]} 6. Nf3 {[%clk 01:26:00]} {[%emt
00:03:51]} Nc6 {[%clk 01:27:42]} {[%emt 00:02:59]} 7. d4 {[%clk 01:13:53]}
{[%emt 00:12:37]} e6 {[%clk 01:16:31]} {[%emt 00:11:41]} 8. Bc4 {[%clk
01:12:27]} {[%emt 00:01:55]} Nb6 {[%clk 01:09:25]} {[%emt 00:07:37]} 9. Bb3
{[%clk 01:11:13]} {[%emt 00:01:42]} Be7 {[%clk 01:06:28]} {[%emt 00:03:29]} 10.
O-O {[%clk 01:06:16]} {[%emt 00:05:25]} O-O {[%clk 01:06:39]} {[%emt 00:00:20]}
11. Be3 {[%clk 01:03:12]} {[%emt 00:03:35]} Nb4 {[%clk 00:50:07]} {[%emt
00:17:01]} 12. Rc1 {[%clk 01:01:06]} {[%emt 00:02:36]} Bd7 {[%clk 00:39:04]}
{[%emt 00:11:34]} 13. Ne5 {[%clk 00:56:14]} {[%emt 00:05:21]} Rc8 {[%clk
00:35:26]} {[%emt 00:04:07]} 14. Qf3 {[%clk 00:49:10]} {[%emt 00:07:35]} Bc6
{[%clk 00:30:21]} {[%emt 00:05:36]} 15. Nxc6 {[%clk 00:48:01]} {[%emt
00:01:39]} Rxc6 {[%clk 00:29:25]} {[%emt 00:01:26]} 16. Rfd1 {[%clk 00:46:59]}
{[%emt 00:01:31]} N4d5 {[%clk 00:16:05]} {[%emt 00:13:51]} 17. Nxd5 {[%clk
00:44:51]} {[%emt 00:02:38]} Nxd5 {[%clk 00:16:28]} {[%emt 00:00:07]} 18. Rxc6
{[%clk 00:44:45]} {[%emt 00:00:36]} bxc6 {[%clk 00:16:56]} {[%emt 00:00:02]}
19. Rc1 {[%clk 00:43:19]} {[%emt 00:01:55]} Qb6 {[%clk 00:16:54]} {[%emt
00:00:32]} 20. Bxd5 {[%clk 00:25:28]} {[%emt 00:18:22]} cxd5 {[%clk 00:17:12]}
{[%emt 00:00:12]} 21. Qe2 {[%clk 00:25:17]} {[%emt 00:00:40]} h6 {[%clk
00:14:31]} {[%emt 00:03:12]} 22. b3 {[%clk 00:22:52]} {[%emt 00:02:55]} Ba3
{[%clk 00:13:46]} {[%emt 00:01:12]} 23. Rc2 {[%emt 00:04:32]} 1/2-1/2

[Event "DEM U16 2024"]
[Site "Willingen GER"]
[Date "2024.05.20"]
[Round "3"]
[White "Semling, Julius"]
[Black "Jahnz, Laurin"]
[Result "1/2-1/2"]
[Termination "normal"]
[Board "4"]
[WhiteElo "2204"]
[BlackElo "2202"]
[WhiteClock "00:30:27"]
[BlackClock "00:51:21"]
[PlyCount "44"]
[WhiteFideId "16290160"]
[BlackFideId "16261089"]
[EventCountry "GER"]
[EventRounds "9"]
[EventType "swiss"]
[EventDate "2024.05.18"]

1. e4 {[%clk 01:30:58]} {[%emt 00:00:02]} c6 {[%clk 01:30:57]} {[%emt
00:00:04]} 2. Nc3 {[%clk 01:31:12]} {[%emt 00:00:14]} d5 {[%clk 01:31:24]}
{[%emt 00:00:04]} 3. Nf3 {[%clk 01:31:34]} {[%emt 00:00:08]} dxe4 {[%clk
01:31:46]} {[%emt 00:00:09]} 4. Nxe4 {[%clk 01:31:56]} {[%emt 00:00:07]} Nf6
{[%clk 01:32:12]} {[%emt 00:00:03]} 5. Qe2 {[%clk 01:32:12]} {[%emt 00:00:14]}
Nxe4 {[%clk 01:32:38]} {[%emt 00:00:05]} 6. Qxe4 {[%clk 01:32:32]} {[%emt
00:00:10]} Qd5 {[%clk 01:33:04]} {[%emt 00:00:03]} 7. Qh4 {[%clk 01:32:13]}
{[%emt 00:00:49]} Qe6+ {[%clk 01:33:18]} {[%emt 00:00:17]} 8. Be2 {[%clk
01:32:32]} {[%emt 00:00:11]} Qg4 {[%clk 01:33:45]} {[%emt 00:00:03]} 9. Qg3
{[%clk 01:32:41]} {[%emt 00:00:21]} Qxg3 {[%clk 01:34:11]} {[%emt 00:00:04]}
10. hxg3 {[%clk 01:33:01]} {[%emt 00:00:10]} g6 {[%clk 01:34:18]} {[%emt
00:00:23]} 11. a4 {[%clk 01:30:36]} {[%emt 00:02:55]} a5 {[%clk 01:33:17]}
{[%emt 00:01:31]} 12. d4 {[%clk 01:29:30]} {[%emt 00:01:36]} Bg7 {[%clk
01:33:33]} {[%emt 00:00:14]} 13. c3 {[%clk 01:28:26]} {[%emt 00:01:33]} Nd7
{[%clk 01:31:07]} {[%emt 00:02:56]} 14. Bc4 {[%clk 01:17:40]} {[%emt 00:11:15]}
O-O {[%clk 01:25:06]} {[%emt 00:06:32]} 15. O-O {[%clk 01:11:21]} {[%emt
00:06:50]} Nb6 {[%clk 01:16:20]} {[%emt 00:09:15]} 16. Bb3 {[%clk 01:10:52]}
{[%emt 00:00:59]} Nd5 {[%clk 01:15:15]} {[%emt 00:01:35]} 17. Re1 {[%clk
01:09:03]} {[%emt 00:02:19]} Re8 {[%clk 01:15:09]} {[%emt 00:00:37]} 18. Bd2
{[%clk 01:02:05]} {[%emt 00:07:27]} Bf5 {[%clk 01:06:35]} {[%emt 00:09:05]} 19.
Ne5 {[%clk 00:59:52]} {[%emt 00:02:43]} Rad8 {[%clk 00:59:36]} {[%emt
00:07:29]} 20. Nc4 {[%clk 00:52:43]} {[%emt 00:07:39]} Ra8 {[%clk 00:53:04]}
{[%emt 00:07:01]} 21. Ne5 {[%clk 00:30:35]} {[%emt 00:22:39]} Rad8 {[%clk
00:50:55]} {[%emt 00:02:39]} 22. Nc4 {[%clk 00:30:27]} {[%emt 00:00:37]} Ra8
{[%clk 00:51:21]} {[%emt 00:00:05]} 23. Ne5 1/2-1/2